| 000 | 00563nam a22002057a 4500 | ||
|---|---|---|---|
| 005 | 20251108173153.0 | ||
| 008 | 250721s1988 xx 000 0 ara d | ||
| 082 | 1 | 4 | _a956.442/عاش |
| 100 | 1 | _aعاشور، سعيد | |
| 245 | 1 | 0 | _aغزة هاشم / |
| 250 | _aط 1 | ||
| 264 | 1 |
_aعمان : _bدار الضياء للنشر والتوزيع، _c1988. |
|
| 300 | _a152ص. | ||
| 490 | 0 |
_aمدن فلسطين الكبرى _v2 |
|
| 650 | 1 | 7 | _aتاريخ فلسطين |
| 650 | 1 | 7 | _aغزة |
| 650 | 1 | 7 | _aالغزوات |
| 942 |
_2ddc _cBK |
||
| 999 |
_c97668 _d97668 |
||